Weimar Germany GCSE - Statistics

General Stats
  • This quiz has been taken 10 times
  • The average score is 13 of 15
Answer Stats
Hint Answer % Correct
When was the Armistice signed? 1918
100%
Treaty of Versailles is signed. 1919
100%
Germany joins League of Nations. 1926
100%
Spartacist Uprising. 1919
89%
Weimar Constitution is established. 1919
89%
Kapp Putsch. 1920
89%
German government stops payingreparations as they cannot afford the repayments. 1922
89%
Gov't encourages 'Passive Resistance'of Ruhr workers and prints more money to pay for wages. Leads to hyperinflation. 1923
89%
Munich Putsch in the November. 1923
89%
Stresemann becomes chancellor andintroduces the Rentenmark. 1923
89%
Dawes plan is signed to give Germanyloans from the USA. 1924
89%
Young Plan is agreed to lower thereparation payments and give Germany longer to pay. 1929
89%
The French invade and occupy theRuhr in the January. 1923
78%
Locarno Pact is signed to agree borderswith Britain, France, Italy, and Belgium. 1925
78%
Kellogg Briand Pact is agreed by 65countries to resolve conflict peacefully. 1928
78%
No matching quizzes found
Score Distribution
Percent of People with Each Score
Percentile by Number Answered
Your Score History
You have not taken this quiz